EXPERIMENTAL STUDIES ON THE SUSCEPTIBILITY OF AEDES VITTATUS TO DENGUE VIRUSES

Bibliographic Details
Main Authors: Ilkal, M. A. (Author), Dhanda, V. (Author), Mavale, M. S. (Author)
Format: Article
Language:Slovak
English

MARC

LEADER 00000nab a2200000ua 4500
001 vtls010764990
003 SK-MaSNL
005 20260304203504.0
008 250718s1992 xo |||||||||||||||||slo|
035 |a (urnnbn)urn:nbn:sk:snk:ar-a0297q 
035 |a (uuid)853b5a36-d3c5-4b92-803b-d3c9312f667a 
035 |a urn:nbn:sk:snk-ab4i54 
040 |a SNKBUCL  |b slo  |c SNKBUCL  |e AACR2 
041 0 |a eng 
044 |a xo  |c SK 
100 1 |a Ilkal, M. A.  |4 aut  |9 1171989 
245 1 0 |a EXPERIMENTAL STUDIES ON THE SUSCEPTIBILITY OF AEDES VITTATUS TO DENGUE VIRUSES  |c M. A. Ilkal, V. Dhanda, M. S. Mavale 
700 1 |a Dhanda, V.  |4 aut  |9 1536173 
700 1 |a Mavale, M. S.  |4 aut  |9 1536174 
773 0 |t Acta virologica : international journal  |g Roč. 36, č. 4 (1992), s. [412]-416 
850 |a Slovenská národná knižnica 
852 |a Slovenská národná knižnica 
958 |a article3 
958 |a OND 
958 |a EUIPO 
999 |c 3110013  |d 3111943